Jastrzębie-Zdrój | MKA | Linie autobusowe | C10 - Statystyki

Ogólne statystyki
  • Ten quiz został rozwiązany 11 razy
  • Średni wynik to 8 z 14
Statystyki odpowiedzi
Kolejność Nazwa % Poprawnych
1 Dworzec Arki Bożka
86%
4 Graniczna Szkoła
71%
14 Kopalnia Węgla Kamiennego Jas-Mos
71%
9 Urząd Skarbowy
71%
8 11 Listopada Szkoła
57%
3 Graniczna GSM
57%
2 Podhalańska - Osiedle Barbary
57%
5 Aleja Piłsudskiego - Osiedle Morcinka
43%
6 Aleja Piłsudskiego - Osiedle Pionierów
43%
7 Aleja Piłsudskiego - Osiedle Staszica
43%
10 Jastrzębie Dolne - Połomska
43%
12 Osiedle Przyjaźń Szkoła
43%
11 Połomska Szpital
43%
13 Osiedle Przyjaźń - Moniuszki
29%
Nie znaleziono quizów pasujących do podanych kryteriów
Rozkład punktacji
Procent ludzi z każdym wynikiem
Percentyl według liczby udzielonych odpowiedzi
Twoja historia wyników
Nie rozwiązałeś tego quizu